Statistics for Ariana Grande "Be Alright" lyrics

Click here to take the quiz!

General Stats

  • This quiz has been taken 84 times
  • The average score is 192 of 224

Answer Stats

HintAnswer% Correct
a
100%
be
99%
alright
97%
you
97%
go
96%
don't
94%
gon'
94%
is
94%
We
94%
gonna
93%
the
93%
all
91%
All
91%
shadows
91%
So
91%
so
91%
Verse 1Midnight
90%
thing
90%
where
90%
RefrainBaby
88%
baby
88%
close
88%
your
88%
daylight
87%
know?
87%
love
87%
we're
87%
ChorusWe're
87%
worry
87%
yeah,
87%
(Yeah
87%
yeah
87%
yeah)
87%
and
85%
But
85%
(ooh
85%
(Ooh
85%
battle
84%
'bout
84%
every
84%
just
84%
mind
84%
oh
84%
(Oh
84%
up
84%
make
82%
tears
82%
come
81%
finding
81%
of
81%
it
79%
to
79%
decide
76%
little
76%
gotta
75%
When
75%
are
73%
them
73%
times
72%
better
70%
'Cause
70%
going
70%
days
69%
hard
69%
motion
69%
they
69%
lead
64%
Verse 2In
63%
slow
63%
Can't
61%
get
61%
golden
61%
seem
61%
(Hey)
55%
(Hey(
55%
hey)
55%
(Hey
55%
That
54%
ay
27%

Score Distribution

Percentile by Number Answered

Percent of People with Each Score

Your Score History

You have not taken this quiz